000 01079cad a22002415a 4500
001 L146182
008 081215e20081121xxkd f s 000 0 eng d
035 _a(Sirsi) u146182
041 0 _aeng
050 0 4 _a333.33 $2 18
110 2 _aRoyal Institution of Chartered Surveyors
_bEconomics
_95033
245 0 0 _aRICS global real estate weekly
_b21 November 2008
_h[electronic resource]
260 _aLondon
_bRICS
_c2008
490 0 _aRICS Global Real Estate Weekly
_v21 November 2008
520 _aExpects Australian construction activity and French construction sector employment levels to fall. Reports that the downturn in the US economy and housing market is continuing. Comments on the UK Pre-Budget Report.
590 _aKA
650 2 4 _aRICS GLOBAL REAL ESTATE WEEKLY
651 4 _aInternational
690 _aBUILT ENVIRONMENT-CONSTRUCTION MARKET
690 _aPROPERTY-COMMERCIAL PROPERTY-COMMERCIAL PROPERTY MARKET
856 4 0 _uhttps://www.rics.org/site/scripts/download_info.aspx?downloadID=1149
_zView this item free of charge at www.rics.org...
942 _n0
999 _c109067
_d109067